<?xml version="1.0" encoding="UTF-8"?><?xml-stylesheet type="text/xsl" href="static/style.xsl"?><OAI-PMH xmlns="http://www.openarchives.org/OAI/2.0/" xmlns:xsi="http://www.w3.org/2001/XMLSchema-instance" xsi:schemaLocation="http://www.openarchives.org/OAI/2.0/ http://www.openarchives.org/OAI/2.0/OAI-PMH.xsd"><responseDate>2026-04-17T16:42:39Z</responseDate><request verb="GetRecord" identifier="oai:riubu.ubu.es:10259/8411" metadataPrefix="marc">https://riubu.ubu.es/oai/request</request><GetRecord><record><header><identifier>oai:riubu.ubu.es:10259/8411</identifier><datestamp>2025-01-17T23:42:07Z</datestamp><setSpec>com_10259_7509</setSpec><setSpec>com_10259_4266</setSpec><setSpec>com_10259.4_106</setSpec><setSpec>com_10259_2604</setSpec><setSpec>com_10259_6155</setSpec><setSpec>col_10259_7510</setSpec><setSpec>col_10259_6156</setSpec></header><metadata><record xmlns="http://www.loc.gov/MARC21/slim" xmlns:doc="http://www.lyncode.com/xoai" xmlns:xsi="http://www.w3.org/2001/XMLSchema-instance" xmlns:dcterms="http://purl.org/dc/terms/" xsi:schemaLocation="http://www.loc.gov/MARC21/slim http://www.loc.gov/standards/marcxml/schema/MARC21slim.xsd">
<leader>00925njm 22002777a 4500</leader>
<datafield tag="042" ind1=" " ind2=" ">
<subfield code="a">dc</subfield>
</datafield>
<datafield tag="720" ind1=" " ind2=" ">
<subfield code="a">Cornejo, José</subfield>
<subfield code="e">author</subfield>
</datafield>
<datafield tag="720" ind1=" " ind2=" ">
<subfield code="a">Sierra Garcia, Jesús Enrique</subfield>
<subfield code="e">author</subfield>
</datafield>
<datafield tag="720" ind1=" " ind2=" ">
<subfield code="a">Gómez Gil, Francisco Javier</subfield>
<subfield code="e">author</subfield>
</datafield>
<datafield tag="720" ind1=" " ind2=" ">
<subfield code="a">Grados, Juan</subfield>
<subfield code="e">author</subfield>
</datafield>
<datafield tag="720" ind1=" " ind2=" ">
<subfield code="a">Palomares, Ricardo</subfield>
<subfield code="e">author</subfield>
</datafield>
<datafield tag="720" ind1=" " ind2=" ">
<subfield code="a">Weitzenfeld, Alfredo</subfield>
<subfield code="e">author</subfield>
</datafield>
<datafield tag="260" ind1=" " ind2=" ">
<subfield code="c">2024-01</subfield>
</datafield>
<datafield tag="520" ind1=" " ind2=" ">
<subfield code="a">Inching-locomotion caterpillars (ILAR) show impressive environmental adaptation, having high dexterity and flexibility. To design robots that mimic these abilities, a novel Bioinspired Robotic Design (BIROD) method is presented. The method is composed by an algorithm for Geometrical Kinematic Analysis (GEKINS) to standardize the proportional dimensions according to the insect’s anatomy and obtain the kinematic chains. The approach is experimentally applied to analyze the locomotion and kinematic chain of these specimens: Geometridae – 2 pair of prolegs (represents 35,000 species) and Plusiinae – 3 pair of prolegs (represents 400 species). The obtained data indicate that the application of the proposed method permits to locate the attachment mechanisms, joints, links, and to calculate angular displacement, angular average velocity, number of degrees of freedom, and thus the kinematic chain. Geometridae in contrast to Plusiinae, shows a longer Walk-Stride Length (WSL), a lower number of single-rotational joints in 2-D (3 DOF versus 4 DOF), and a lower number of dual-rotational joints in 3-D (6 DOF versus 8 DOF). The application of BIROD and GEKINS provides the forward kinematics for 35,400 ILAR species and are expected to be useful as a preliminary phase for the design of bio-inspired arthropod robots.</subfield>
</datafield>
<datafield tag="024" ind2=" " ind1="8">
<subfield code="a">1748-3182</subfield>
</datafield>
<datafield tag="024" ind2=" " ind1="8">
<subfield code="a">http://hdl.handle.net/10259/8411</subfield>
</datafield>
<datafield tag="024" ind2=" " ind1="8">
<subfield code="a">10.1088/1748-3190/ad1b2c</subfield>
</datafield>
<datafield tag="024" ind2=" " ind1="8">
<subfield code="a">1748-3190</subfield>
</datafield>
<datafield ind1=" " ind2=" " tag="653">
<subfield code="a">Biomimetic</subfield>
</datafield>
<datafield ind1=" " ind2=" " tag="653">
<subfield code="a">Bio-inspired robot</subfield>
</datafield>
<datafield ind1=" " ind2=" " tag="653">
<subfield code="a">Engineering design</subfield>
</datafield>
<datafield ind1=" " ind2=" " tag="653">
<subfield code="a">Robot kinematics</subfield>
</datafield>
<datafield ind1=" " ind2=" " tag="653">
<subfield code="a">Inching-locomotion caterpillar</subfield>
</datafield>
<datafield ind1=" " ind2=" " tag="653">
<subfield code="a">Arthropod animals</subfield>
</datafield>
<datafield tag="245" ind1="0" ind2="0">
<subfield code="a">Experimental study and geometrical method to design bio-inspired robotic kinematic chains of inching-locomotion caterpillars</subfield>
</datafield>
</record></metadata></record></GetRecord></OAI-PMH>